[Event "Bundesliga 0506"]
[Site "Germany"]
[Date "2005.10.21"]
[Round "7.2"]
[White "Brynell, Stellan"]
[Black "Almasi, Zoltan"]
[Result "1-0"]
[WhiteElo "2496"]
[BlackElo "2640"]
[Annotator "Marin,M"]
[PlyCount "49"]
[EventDate "2005.10.21"]
[EventType "team-tourn"]
[EventRounds "15"]
[EventCountry "GER"]
[SourceTitle "CBM 110"]
[Source "ChessBase"]
[SourceDate "2006.01.31"]
[SourceVersion "1"]
[SourceVersionDate "2006.01.31"]
[SourceQuality "1"]
[WhiteTeam "Neukoelln"]
[BlackTeam "Kreuzberg"]
[WhiteTeamCountry "GER"]
[BlackTeamCountry "GER"]

1. d4 Nf6 2. c4 e6 3. Nf3 c5 4. d5 exd5 5. cxd5 d6 6. Nc3 g6 7. Bf4 {A natural
development move, causing Black important problems regarding the move order.}
Bg7 $6 {At the present stage of development of theory, this most natural
answer does not seem playable.} ({The critical line should be considered} 7...
a6 8. e4 b5 9. Qe2 Be7 (9... Nh5 {is out of fashion nowadays}) 10. Qc2 {
followed by a well-timed a4 (the idea of Yuri Yakovich)}) 8. Qa4+ $1 {It is
precisely this check that causes Black problems.} Bd7 9. Qb3 {The bishop has
been forced to take away from the knight its most natural development square,
while the b7-and d6-pawns are under attack.} Qc7 $6 {The natural response,
which doesn't cross White's plan in any way, though.} ({My personal feeling is
that if Black were to find a playable continuation, it would be in the gambit
lines starting with} 9... b5 {. However, in practice he has failed to prove
anthing convincing so far. It isinteresting tomention that Brynell had already
employed this system previously with White, which makes one wonder why such a
high class player like Almasi was caught so badly in the present game, without
being able to put up any resistance. In any case, this is a clear signal of
warning: the Benoni is not an opening to play just "by inspiration",
especially when one has no experience at all. Anyway, Brynell's previous game
went} 10. Bxd6 Qb6 11. Be5 O-O 12. e3 c4 13. Qd1 Na6 14. a4 ({The more neutral
move is} 14. Be2 {In 1-0 Riazantsev,A (2527)-Cheparinov,I (2457)/Batumi 2002/
CBM 090/[Stohl] (55) White wisely returned his extra-pawn at a certain moment,
retaining a positional domination.}) 14... Nc5 $146 ({Previously, only} 14...
b4 {had been played, with bad results for Black.}) 15. axb5 Bxb5 16. Qd4 ({
The simple} 16. Be2 {might be stronger}) 16... Nb3 17. Qxb6 axb6 18. Rxa8 Rxa8
{Black obtained certain counterplay, although he never seemed to get complete
equality, 1-0 Brynell,S (2467)-Hall,J (2487)/Malmo 2004/EXT 2005 (54)}) 10. e4
O-O 11. Nd2 Nh5 12. Be3 Bd4 $6 {This rare move hardly changes anything in the
assesment of the whole variation.} ({There was a time when} 12... f5 13. exf5
gxf5 {was cnsidered to be Black's best choice. However, the complications after
} 14. Be2 f4 ({The more neutral} 14... Be8 {is simply worse for Black after}
15. Nf3) 15. Bxc5 {tend to favour White.Here is a recent confirmation of this
evaluation:} f3 16. Bxf3 Rxf3 (16... Qxc5 17. Nde4 $16) 17. gxf3 Qxc5 18. Qxb7
Nf4 $146 {Judging from the further course of the game, this is an
over-the-board noelty, since it is by no means better than the older
continuation.} (18... Bxc3 19. bxc3 Nf4 20. Rg1+ Kf7 21. Ne4 Qxd5 22. Qxd5+
Nxd5 23. Rd1 Bc6 24. c4 Ne7 25. Nxd6+ Ke6 26. Ne4 Bxe4 27. fxe4 $16 {1-0
Kortschnoj,V (2635)-Nunn,J (2600)/London 1984/MCL (41)}) 19. Qxa8 Nd3+ 20. Ke2
Nf4+ 21. Kd1 Qb6 22. Rg1 $18 {and Black had no compensation for his huge
material deficit, 1-0 Gavrilov,A (2455)-Kornev,A (2566)/St Petersburg 2002/EXT
2003 (31)}) ({In his book "Guide to the Modern Benoni", John Watson advocates} 
12... Na6 {which, in fact, is a very logical move: Black develops his last
piece. However, Watson's lines are not really convincing, which might be
caused by the fact that Black's position is bad anyway, so that even logical
play is likely to fail. Watson's mistake consists of the fact that after} 13.
Be2 Rab8 {he only considers 14.a4, which unnecessarily weakens the b4-square.
In fact, after} 14. O-O {Black's position is rather passive, since he has no
way to make ...b5 work.}) 13. Be2 {To my taste, the most consistent move.} ({
Watson recommends} 13. Bxd4 cxd4 14. Ne2 {However, things might be less clear
than that, since White is sligthly underdeveloped, for instance} Na6 15. Nxd4
Nc5 16. Qc3 Qb6 $5 {The only favourable way to get out of the pin in order to
start setting up pressure against the e4-pawn.} 17. Nc4 Qc7 {This certainly
looks strange, but it is not clear whether the two extra-tempi favour White to
such an extent. His e4-pawn is hanging now.} 18. f3 f5 {with certain
counterplay for Black. White could try the sharp} 19. exf5 Rae8+ 20. Ne6 Rxf5
21. O-O-O Nxe6 22. g4 {but after} Rxd5 23. Rxd5 Nhf4 24. Rd2 d5 25. Ne5 Bc6 {
Black has certain compensation for the sacrificed exchange. Whether Black has
full equality or not in these lines is completely beside the point. The
important thing is that he gets a playable position with adequate counter-play,
something a Benoni player is aiming for. In the game, his position will simply
be miserable.}) 13... Bxe3 14. fxe3 Ng7 15. O-O {Black is severly
underdeveloped. The unfortunate position of the bishop, preventing the knight
from his natural development to d7, makes the thematic break e4-e5 very
dangerous and, in fact, unstoppable.} Na6 $146 {Once again, this natural move
doesn't really save Black from disaster.} ({Previously,} 15... a6 {had been
played. Although it seems rather ilogical, because it blocks the own knight,
this move makes some sense, because it threatens to win space on the queen
side. In the game, Black almost managed to escape dry out of deep water,
although only because of a carelessness of his mighty opponent.} 16. e5 dxe5
17. Nce4 b5 18. Rac1 c4 19. Nf6+ Kh8 20. Qb4 Qd8 21. Nde4 {White plays for the
attack.} ({The simple} 21. Qd6 $16 {/\Qxe5 would have won the pawn back, with
a crushing domination.}) 21... Bf5 $132 22. Qe1 Nd7 23. Qh4 g5 24. Qh6 Bg6 $2 (
24... Bxe4 25. Nxe4 Qb6) 25. Nxh7 Bxh7 26. Nxg5 {1-0 Kasparov,G-Wahls Matthias/
Simultan, Frankfurt a. Main (Germany) 1986}) ({It is worth mentioning that} 
15... f6 {gails to prevent} 16. e5 $1 (16. Rf4 {also looks dangerous, when
Black's only chance for survival consists of such a regrouping:} Bc8 17. Nb5
Qe7 18. Nc4 Ne8) 16... fxe5 $8 17. Rxf8+ Kxf8 18. Rf1+ Kg8 19. Nc4 {and Black
cannot parry such threats as Nxe5 or, eventually, Nxd6, for instance} b5 ({
In case of} 19... Na6 {, the secondary threat of} 20. Nxd6 Qxd6 21. Ne4 {
becomes available. The fact is that in order to avoid losing material to the
discovered check d6+, the black queen has to leave the d7-bishop undefended,
which would allow Nf6+xd7 with a decisive advantage.}) 20. Nxe5 c4 {This
intermediate move doesn't save the game. White is too active.} 21. Nxb5 Bxb5
22. Qxb5 dxe5 {and now, by opening two important light diagonals with} 23. d6 {
White obtains a decisive advantage.}) 16. e5 $1 dxe5 17. Nde4 (17. Nce4) 17...
Ne8 {Black's desire to cover the f6-square is understandable, but he can
hardly block the d-pawn with ...Nd6.} ({A normal developing move such as} 17...
Rad8 {leads to a rather deceptive position after} 18. Nf6+ Kh8 19. Nce4 {
/\Ng5-(x)h7, צf8} h6 20. Rac1 $16 {and Black will soon lose his c5-pawn,
remaining with a miserable position.}) 18. d6 Qb6 (18... Qc6 19. Bb5 Qc8 20.
Nd5 $40) 19. Qd5 Be6 20. Qxe5 Nb4 21. Rad1 $18 {White has a crushing
domination. No wonder that the game lasted just a few more moves.} Rd8 22. Na4
Qc6 23. Naxc5 Ng7 24. Nf6+ Kh8 25. Qf4 1-0

[Event "Pamplona 15th"]
[Site "Pamplona"]
[Date "2005.12.25"]
[Round "3"]
[White "Harikrishna, Pentala"]
[Black "Cheparinov, Ivan"]
[Result "1/2-1/2"]
[WhiteElo "2673"]
[BlackElo "2618"]
[Annotator "Marin,M"]
[PlyCount "74"]
[EventDate "2005.12.23"]
[EventType "tourn"]
[EventRounds "7"]
[EventCountry "ESP"]
[EventCategory "16"]
[SourceTitle "CBM 111"]
[Source "ChessBase"]
[SourceDate "2006.04.04"]
[SourceVersion "1"]
[SourceVersionDate "2006.04.04"]
[SourceQuality "1"]

1. d4 Nf6 2. c4 c5 3. d5 e6 4. Nc3 exd5 5. cxd5 d6 6. Nf3 g6 7. e4 a6 8. Qe2 $5
{This slightly exotical move was introduced recently by Epishin, who has
obtained a perfect score with it so far. White intends to take advantage of
the fact that Black has spent a tempo on ...a6 at such an early stage in order
to prepare the thematic pawn break e5.} ({The recently born variation can be
considered to be a modernisation of the similar} 8. Bf4 b5 9. Qe2) 8... Bg7 {
In spite of recent bad memories, Cheparinov sticks to this normal developing
move.} (8... Bg4 {delays the development of the king side while failing to
prevent White's plan:} 9. e5 Bxf3 (9... dxe5 10. Qxe5+ $14 Be7 $6 11. Bh6 Bxf3
12. gxf3 Nbd7 13. Qe3 Qc7 14. Bf4 $18 {[%cal Yd5d6] 1-0 Epishin,V (2610)
-Gofshtein,L (2522)/playchess.com INT 2004/CBM 099 ext (28)}) 10. gxf3 dxe5 11.
Qxe5+ Qe7 12. Bf4 (12. Qxe7+ $5 Bxe7 13. Bh6 Nbd7 14. O-O-O $16) 12... Qxe5+ (
12... Nbd7 13. Qxe7+ Bxe7 14. O-O-O Nh5 15. Bc7 Bd8 16. d6 Nf4 17. Bc4 O-O 18.
Rhe1 $16 {1-0 Epishin,V (2605)-De Firmian,N (2549)/Minneapolis USA 2005/TWIC
551 (36)}) 13. Bxe5 Nbd7 14. f4 Bh6 {[%csl Yf4]} (14... Bg7 15. Bg2 O-O 16. O-O
Nh5 17. Bd6 Rfe8 18. Bc7 Ra7 19. Rae1 $16 {1-0 Epishin,V (2599)-Kovacevic,S 
(2367)/Seville 2005/CBM 104 ext (31)}) 15. Bh3 (15. Ne4 Nxe4 16. Bxh8 O-O-O $44
) 15... O-O 16. O-O b5 17. Rad1 Ra7 18. Rfe1 $14 {1-0 Rowson,J (2599)-Ward,C 
(2485)/Douglas 2005/CBM 107 ext (50)}) 9. e5 dxe5 10. Qxe5+ Kf8 {This is one
of the main ideas behind 8...Bg7: having cleared the f8-square, Black is not
forced to offer the exchange of queens any more. Although the loss of the
right to castle will cost him several tempi to bring his king into safety, he
hopes to get part of them back because of the exposed position of the white
queen.} 11. d6 $146 {This novelty fails to put Black under serious pressure
and in fact it just consumes White an essential tempo, which will allow Black
obtain counterplay rather easily.} (11. Be2 h6 (11... Nxd5 $6 12. Bh6 $1 $16) (
11... Nbd7 12. Qe3 b5 13. O-O Bb7 $132 {[%csl Yd5][%cal Rh7h6,Rf8g8,Rg8h7]})
12. O-O Kg8 13. a4 Kh7 14. Bc4 Re8 15. Qf4 Nh5 16. Qd2 Qd6 $6 {Black should
have started the developing his queen side.} (16... Nd7 $5) (16... Bg4) 17. Re1
Rxe1+ 18. Qxe1 Bg4 19. Ne4 Qf8 20. Be2 f5 21. Neg5+ hxg5 22. Nxg5+ Kh8 23. f3
$16 {1-0 Epishin,V (2635)-Cheparinov,I (2567)/Albacete 2004/CBM 102 ext (28)})
11... Nbd7 12. Qe3 b5 13. a4 (13. Be2 Bb7 {[%csl Yd5,Ye4]} 14. O-O (14. a4 b4 {
[%csl Yc3]}) 14... h6 $13 {[%cal Yf8g8,Yg8h7,Yh8e8]}) 13... b4 14. Ne4 Bb7 15.
Nxc5 Nxc5 {The simplest way to obtain comfortable equality.} (15... Nd5 16.
Nxb7 $1 (16. Nxd7+ Qxd7 $32) 16... Nxe3 17. Nxd8 Nc2+ 18. Kd1 Nxa1 19. Nc6 $44)
16. Qxc5 Nd5 17. Be2 Qd7 18. O-O Rc8 19. Qa7 Ra8 20. Qc5 Rc8 21. Qa5 Qxd6 22.
Rd1 h6 {Black strong centralisation will allow him complete his devlopment by
bringing his king to h7.} 23. Be3 Bf6 $11 {Black has no problems whatsoever.
It is time for White to think about equality already.} 24. Bxa6 Qxa6 25. Qxa6
Bxa6 26. Rxd5 Bxb2 27. Rb1 Bc3 28. h3 Bc4 29. Rc5 Ke7 30. Rc1 Ba2 31. Rb5 Kf6
32. Rxc3 bxc3 33. Bd4+ Ke7 34. Bxh8 Rxh8 35. Rc5 Ra8 36. a5 c2 37. Rxc2 Rxa5
1/2-1/2

[Event "Tata Steel-B 73rd"]
[Site "Wijk aan Zee"]
[Date "2011.01.16"]
[Round "2"]
[White "Li, Chao B"]
[Black "McShane, Luke J"]
[Result "0-1"]
[WhiteElo "2649"]
[BlackElo "2664"]
[Annotator "McShane,L"]
[PlyCount "114"]
[EventDate "2011.01.14"]
[EventType "tourn"]
[EventRounds "13"]
[EventCountry "NED"]
[EventCategory "17"]
[SourceTitle "CBM 141"]
[Source "ChessBase"]
[SourceDate "2011.03.17"]
[SourceVersion "1"]
[SourceVersionDate "2011.03.17"]
[SourceQuality "1"]

1. d4 Nf6 2. c4 g6 3. Nc3 Bg7 4. e4 d6 5. h3 O-O 6. Bg5 a6 7. Bd3 c5 8. d5 e6 (
8... b5 {is also quite playable immediately, as if White tries to grab a pawn
Black can strike back:} 9. cxb5 axb5 10. Nxb5 (10. Bxb5 Nxe4 11. Nxe4 Qa5+ $17)
10... Nxe4 $1 11. Bxe4 Qa5+ 12. Nc3 Bxc3+ 13. bxc3 Qxc3+ {and Black recovers
material, e.g.} 14. Bd2 (14. Kf1 Ba6+ 15. Ne2 Qe5 {[%csl Re4,Rg5]}) 14... Qe5
$17 {[%csl Re4,Ge5][%cal Ye5e1,Yf7f5,Ye5a1]}) 9. Nf3 exd5 10. cxd5 b5 11. O-O
Re8 {It is nice for Black to have achieved the advance b7-b5, but White often
tries to restrict and pressurise the pawns with a plan based on playing a2-a3
and b2-b4. My opponent took a different approach.} 12. Qd2 Nbd7 13. Rfe1 Qe7 {
The queen is often developed to b6 in such positions, but I chose a different
path. Considering my opponent's setup, there are ideas such as Bg5-h6, and
Nc3-e2-g3-f5. White's queen may also advance to f4. In some positions, the
queen may drop back to f8 to prevent the exchange of bishops, while in others
the queen may protect some squares after the bishops are exchanged. Also, it
is handy that d6 is protected.} 14. a4 {I still expected something with a3/b4
here - this was a surprise for me.} (14. Bh6 Ne5 15. Nxe5 Bxh6 16. Qxh6 Qxe5 {
[%csl Ge5][%cal Ye5d4,Yb5b4] was the kind of thing I had in mind when playing
13...Qe7. Black is well poised to take over the initiative.}) 14... b4 15. Ne2
a5 {I saw that his next move 16.Bb5 was critical, but my feeling was that the
complications would probably be in Black's favour.} 16. Bb5 (16. Ng3 Ba6 {
was also quite comfortable for Black, I think}) 16... Nxe4 $1 {After some
thought, I went for the most complicated option.} (16... Ba6 {is possible, but
I was worried about} 17. Bxd7 Qxd7 18. Ng3 Qc7 {[%cal Yf6d7] preparing Nf6-d7
in view of the threat of Qd2-f4} 19. e5 $5 dxe5 20. d6 {with some initiative
for White}) 17. Bxe7 Nxd2 18. Bxd6 (18. Nxd2 Rxe7 19. Nc4 {is playable, but I
couldn't imagine this being a problem.} Ba6 {is probably best} (19... Bb7 $5
20. Nf4 $1 {is probably OK for White} (20. Bxd7 $6 Rxd7 21. Nb6 {is obviously
a very nice chance for Black to sacrifice an exchange}))) 18... Ne4 (18...
Nxf3+ 19. gxf3 Ba6 $5 {was my first thought.} (19... Bxb2 $1 $17 {according to
the computer}) {However} 20. Bxd7 Rxe2 {and after some thought I felt this
sharp position was likely drawish, as Black will end up with a passed b-pawn
and White a passed d-pawn, both supported by strong bishops.}) 19. Bc7 Bxb2 20.
Rab1 Bg7 {The reason that I initially considered 18...Nxf3+ is that, at first
sight, this position looks very risky for Black. Although he has an extra pawn,
the d-pawn is strong and the queenside is in a bit of a tangle. Furthermore,
there is obviously a potential pin on the e-file. However, after some time I
realised that White has no good way to exploit this, and given time, Black can
coordinate successfully.} 21. Nf4 $1 {The best, I think.} (21. Ng3 Nef6 {
White's basic problem is that his knights aren't taking part and can't reach
the queenside easily.} 22. d6 Rxe1+ 23. Rxe1 Ba6 $17 {Of course the game is
still complicated, but Black has the advantage.}) 21... Nef6 22. g4 $5 (22. d6
{is what I expected, but I hadn't really seen the possibility of 22.g4.}) 22...
Bb7 23. Bc6 (23. g5 Rxe1+ 24. Nxe1 {(White captures this way so that the
knight won't be hanging on f3 after the exchanges on d5)} Nxd5 25. Nxd5 Bxd5
26. Bxd7 Ra7 27. Rd1 Bd4 $1 $19 {was an important variation.}) 23... Rxe1+ (
23... Bxc6 {might have been a better practical decision} 24. dxc6 Rec8 25. cxd7
Rxc7 26. Nd5 $1 Rxd7 27. Nb6 {The position ought to be good for Black even
after returning the exchange, which I saw. However, I felt that by quickly
mobilising his remaining pieces, White might actually get good practical
counterplay. Probably that was too pessimistic - Black is well coordinated and
the passed pawns are going to advance quickly.} Rb8 $5 28. Nxd7 Nxd7 {[%csl
Gb6][%cal Yd7b6] is probably just very good.} 29. Nd2 Nb6 30. Nb3 Nxa4 31. Nxa5
Nc3 $17) 24. Rxe1 Rc8 25. Bxa5 (25. Bxb7 Rxc7 26. Bc6 Kf8 {[%cal Yf6e8] looked
good for Black to me. A useful detail is} 27. Nd2 $2 Bh6 $1 {[%csl Rd2,Rf4,Gh6]
[%cal Yh6d2]}) 25... Bxc6 26. dxc6 Rxc6 27. g5 Nh5 {The position is still good
for Black, but it is messy and not so easy to handle, especially in time
pressure.} 28. Nd5 (28. Re8+ $5) 28... Rd6 (28... Re6 29. Rxe6 fxe6 30. Bc7 $5
{was a very interesting idea mentioned by my opponent, as the passed a-pawn is
dangerous. In general I wanted to avoid exchanging rooks for this kind of
reason. But actually,} exd5 31. a5 Ne5 $3 {[%cal Ye5c6,Ye5f3]} 32. Bxe5 Bxe5
33. Nxe5 b3 34. Nd3 Ng7 $19 {[%cal Yg7e6,Ye6c7]}) 29. Re8+ (29. Rd1 {threatens
a big discovered check, but} Bd4 $1 {is an important idea} 30. Ne3 Be5 {
should be good for Black.}) 29... Bf8 30. Ne3 Ng7 31. Rc8 (31. Ra8 $5 {is what
I expected, ruling out any Ra6 ideas}) 31... Ne6 {[%csl Ra5,Gd7,Ge6][%cal
Ye6c7,Ye6d8,Yd7b6] I thought it was useful that the knights restrict the
bishop, and also prevent any accidents happening on f8.} 32. Bd8 (32. Ng4 Kg7
33. Nh6 {was another idea, to create a mating net but there isn't really any
follow up so Black should win easily by activating the rook.}) 32... Kg7 33. a5
$2 {This allows an important simplifying combination.} (33. Nc4 {was probably
essential} Ra6 34. a5 {is still not so easy for Black.}) 33... Nxd8 $1 34. Rxd8
Ne5 $1 35. Rxd6 Nxf3+ 36. Kg2 Nh4+ {Of course it's essential to divert the
king.} 37. Kg3 Bxd6+ 38. Kxh4 Kf8 {Without much time remaining, I thought this
would win without much difficulty. However} (38... f5 $1 {was much simpler,
boxing in White's king. When the pawn is captured en passant, Black's king
gets a fast track towards the centre.}) 39. Kg4 Ke7 40. a6 Bb8 41. Kf3 Kd6 42.
Ke4 Kc6 43. Nc4 Kb5 44. Kd5 {Only here did I start to see some real problems
to convert the advantage.} b3 45. Na3+ (45. Nd2 $5 {might have caused me some
problems.} Kb4 $2 {Embarrassing to say, but this was my intention in case of
45.Nd2. I had carelessly failed to notice that Nxb3 was possible.} (45... b2
46. Nc4 b1=N $1 {is possible, but I mistakenly thought that this might not be
so easy. Actually, it seems Black wins easily with normal moves.} (46... b1=Q
$2 47. Na3+) 47. Nd6+ Kxa6 (47... Kb6 {might win too}) 48. Kxc5 Nd2 $1 {
I only looked at the immediate Bxd6 which seems to lead to a draw.} (48...
Bxd6+ 49. Kxd6 Nd2 50. Ke7 Ne4 51. Kxf7 Nxf2 52. h4 $1 $11) 49. Nxf7 Ne4+ 50.
Kd5 Nxf2 {which is probably quite an easy win.}) 46. Nxb3 $1 (46. Kc6 c4 47.
Kb7 b2 $1 (47... c3 $2 48. Nxb3) 48. Kxb8 c3 49. a7 cxd2 50. a8=Q d1=Q 51. Qb7+
Kc3 {this was my point - the position is an easy win, e.g.} 52. Qc7+ Kd2 53.
Qf4+ Ke1 54. Qe5+ Qe2 $1 $19) 46... Kxb3 47. Kxc5 (47. Kc6 $2 Kb4 $1 $19) 47...
Kc3 48. Kc6 Ba7 49. Kd7 Kd4 50. Ke7 Ke4 51. Kxf7 Kf5 52. Kg7 Kxg5 53. Kxh7 Bxf2
{draw according to tablebase, whoever has the move. There are some curious
similarities with Kramnik-Carlsen, London Chess Classic 2010!}) 45... Kb4 {
After a long think I calculated that this was winning. Capturing on a6 is also
good, but the the knight keeps hopping around so that seemed like a less
certain route to victory.} 46. Nc4 Ba7 {The next few moves are forced.} 47. Nb2
Kc3 48. Na4+ Kc2 49. Kc6 c4 50. Kd5 $1 {I had to consider this clever
'switchback' idea well in advance.} b2 (50... c3 $2 51. Kc4 b2 52. Nxc3 Bxf2
53. Nb5 $1 {[%csl Gb5][%cal Yb5a3,Ya6a7] is not so easy for Black}) 51. Nxb2
Kxb2 52. Kxc4 Kc2 $1 {By far the strongest. Taking on f2 is not the priority 
(and indeed that might be drawn somehow).} 53. f4 (53. Kd5 Kd3 54. Ke5 (54. Kd6
Ke4 55. Ke7 Kf5 56. Kxf7 Kxg5 57. Kg7 h5 {[%cal Yh5h4] wins easily, e.g.} 58.
f3 (58. h4+ Kf5 59. f3 g5 $19) 58... h4 59. Kf7 Kf4 60. Kxg6 Kxf3 61. Kf5 Kg3
$19) 54... Bd4+ $1 {prevents Ke5-f6, and is the main point of bringing the
king to d3 so quickly.}) 53... Kd2 54. Kd5 Ke3 55. Ke5 Bb8+ {'I think he said
he just missed this one.'} 56. Kd5 Kxf4 57. Kc6 Ba7 0-1